000 00585nam a2200217Ia 4500
003 OSt
005 20220925182911.0
006 a|||||r|||| 00| 0
007 ta
008 220923b |||||||| |||| 00| 0 eng d
037 _cGeneral Book
040 _aRTL
_cRTL
_beng
041 _2eng
_aeng
082 _aX, K4
100 _aGalbraith John Kenneth
245 0 _aSamridha samaj. (The Affluent Society). Tr. by Har
260 _aDelhi
_bAtma Ram
_c1964
300 _a379p
_ccm.
942 _hX, K4
_cGB
_2CC
999 _c503454
_d503454